| 000 | 00721nam a2200241 i 4500 | ||
|---|---|---|---|
| 001 | 69093 | ||
| 003 | ES-MaACL | ||
| 005 | 20250304063100.0 | ||
| 007 | t| | ||
| 008 | 040909s2004 sp ||||1| spa d | ||
| 020 | _a84-204-0170-6 | ||
| 080 | _a821.134.3-31"19" | ||
| 100 | 1 |
_aSaramago, José, _d1922-2010 _9103754 |
|
| 245 | 1 | 0 |
_aEnsayo sobre la lucidez / _cJosé Saramago ; traducción de Pilar del Río. |
| 250 | _a2ª ed. | ||
| 260 |
_a[Madrid] : _bAlfaguara, _c2004. |
||
| 300 |
_a423 p. ; _c22 cm. |
||
| 490 | 1 | _aBiblioteca José Saramago | |
| 700 | 1 |
_aRío, Pilar del. _997313 |
|
| 830 | 0 |
_aBiblioteca José Saramago _9180315 |
|
| 852 |
_aES-MaACL _jL-28087 _bR.134059 |
||
| 999 |
_c69093 _d69093 |
||